000 01140nam a2200325 i 4500
003 EG-GICUC
005 20260509175308.0
008 260509s2008 fr ||||fr|||| 00| 0 fre d
040 _aEG-GiCUC
_bfre
_cEG-GiCUC
_dEG-GiCUC
_eRda
082 0 4 _221
_a345.3183
_bAU . D
092 0 4 _221
099 _aLaw1 07 345.3183 AU . D 2008
100 1 _aFrier, Pierre-laurent
_eAuteur
245 1 0 _aDroit Administratif Des Biens :
_bDomaine Public Et Privé Travaux Et Ouvrages Publics Expropriation /
_cJean-marie Auby, Pierre Bon, Philippe Terneyre.
_n
250 _a5e Édition
264 1 _aParis :
_bDalloz,
_c2008.
300 _a697page :
_billustration ;
_c 24 cm.
336 _2rda contenu
_a texte
337 _2rda medias
_aOrdinateur
338 _2 transporteur rda
_a Ressource en ligne
504 _aBibliography: pages 200-250. 240-220
546 _aTexte en français
650 1 4 _aDroit administratif
_2
651 1 _2
700 1 _a Terneyre, Philippe
_eCo-Auteur
700 1 _aBon, Pierre
_eCo-Auteur
856 4 0 _uhttps://fll.law.cu.edu.eg/fulltext/bks/B07-05157.pdf
905 _a50
942 _2ddc
_cBK
_e21
_n0
999 _c76421
_d76421